<?xml version="1.0" encoding="UTF-8"?>
<collection xmlns="http://www.loc.gov/MARC21/slim">
<record>
  <controlfield tag="001">159823</controlfield>
  <controlfield tag="005">20250520135330.0</controlfield>
  <datafield tag="037" ind1=" " ind2=" ">
    <subfield code="a">GDOC-2024-60421</subfield>
  </datafield>
  <datafield tag="970" ind1=" " ind2=" ">
    <subfield code="a">GDOC-2024-60421</subfield>
  </datafield>
  <datafield tag="041" ind1=" " ind2=" ">
    <subfield code="a">spa</subfield>
  </datafield>
  <datafield tag="041" ind1=" " ind2=" ">
    <subfield code="a">eng</subfield>
  </datafield>
  <datafield tag="540" ind1=" " ind2=" ">
    <subfield code="a">by-nc-sa</subfield>
    <subfield code="b">Creative Commons</subfield>
    <subfield code="c">3.0</subfield>
    <subfield code="u">http://creativecommons.org/licenses/by-nc-sa/3.0/</subfield>
  </datafield>
  <datafield tag="260" ind1=" " ind2=" ">
    <subfield code="a">Zaragoza</subfield>
    <subfield code="b">Universidad de Zaragoza</subfield>
    <subfield code="c">2024-2025</subfield>
  </datafield>
  <datafield tag="245" ind1="0" ind2="0">
    <subfield code="9">60421</subfield>
    <subfield code="a">Trabajo fin de Máster</subfield>
  </datafield>
  <datafield tag="242" ind1="0" ind2="0">
    <subfield code="9">60421</subfield>
    <subfield code="a">Master's Dissertation</subfield>
  </datafield>
  <datafield tag="100" ind1=" " ind2=" ">
    <subfield code="0">(orcid)0000-0003-3854-2158</subfield>
    <subfield code="a">Jorge Angas, Pajas</subfield>
    <subfield code="1">433792</subfield>
  </datafield>
  <datafield tag="700" ind1=" " ind2=" ">
    <subfield code="a">Ana Ballesteros, López</subfield>
    <subfield code="1">876727</subfield>
  </datafield>
  <datafield tag="700" ind1=" " ind2=" ">
    <subfield code="0">(orcid)0000-0002-7213-1718</subfield>
    <subfield code="a">Carmen María Bentué, Martínez</subfield>
    <subfield code="1">666246</subfield>
  </datafield>
  <datafield tag="700" ind1=" " ind2=" ">
    <subfield code="0">(orcid)0000-0003-0343-0279</subfield>
    <subfield code="a">María Caudevilla, Lambán</subfield>
    <subfield code="1">698467</subfield>
  </datafield>
  <datafield tag="700" ind1=" " ind2=" ">
    <subfield code="0">(orcid)0000-0002-3489-0692</subfield>
    <subfield code="a">Severino Escolano, Utrilla</subfield>
    <subfield code="1">386733</subfield>
  </datafield>
  <datafield tag="700" ind1=" " ind2=" ">
    <subfield code="0">(orcid)0000-0002-5282-1930</subfield>
    <subfield code="a">Samuel Esteban, Rodríguez</subfield>
    <subfield code="1">474255</subfield>
  </datafield>
  <datafield tag="700" ind1=" " ind2=" ">
    <subfield code="0">(orcid)0000-0002-9123-304X</subfield>
    <subfield code="a">Raúl Hoffrén, Mansoa</subfield>
    <subfield code="1">705826</subfield>
  </datafield>
  <datafield tag="700" ind1=" " ind2=" ">
    <subfield code="0">(orcid)0000-0002-3359-6213</subfield>
    <subfield code="a">Cristian Iranzo, Cubel</subfield>
    <subfield code="1">722059</subfield>
  </datafield>
  <datafield tag="700" ind1=" " ind2=" ">
    <subfield code="0">(orcid)0000-0002-8954-7517</subfield>
    <subfield code="a">María Teresa Lamelas, Gracia</subfield>
    <subfield code="1">420407</subfield>
  </datafield>
  <datafield tag="700" ind1=" " ind2=" ">
    <subfield code="0">(orcid)0009-0002-8815-660X</subfield>
    <subfield code="a">Sergio Larraz, Juan</subfield>
    <subfield code="1">495696</subfield>
  </datafield>
  <datafield tag="700" ind1=" " ind2=" ">
    <subfield code="0">(orcid)0000-0002-9558-1308</subfield>
    <subfield code="a">Luis Alberto Longares, Aladrén</subfield>
    <subfield code="1">325364</subfield>
  </datafield>
  <datafield tag="700" ind1=" " ind2=" ">
    <subfield code="a">Marta López, de Torres</subfield>
    <subfield code="1">423266</subfield>
  </datafield>
  <datafield tag="700" ind1=" " ind2=" ">
    <subfield code="0">(orcid)0000-0002-7585-3636</subfield>
    <subfield code="a">Martín de Luis, Arrillaga</subfield>
    <subfield code="1">389760</subfield>
  </datafield>
  <datafield tag="700" ind1=" " ind2=" ">
    <subfield code="0">(orcid)0000-0001-6288-2780</subfield>
    <subfield code="a">Antonio Luis Montealegre, Gracia</subfield>
    <subfield code="1">534415</subfield>
  </datafield>
  <datafield tag="700" ind1=" " ind2=" ">
    <subfield code="0">(orcid)0000-0001-7403-1764</subfield>
    <subfield code="a">Raquel Montorio, Lloveria</subfield>
    <subfield code="1">471714</subfield>
  </datafield>
  <datafield tag="700" ind1=" " ind2=" ">
    <subfield code="0">(orcid)0000-0003-4831-4060</subfield>
    <subfield code="a">Fernando Pérez, Cabello</subfield>
    <subfield code="1">302767</subfield>
  </datafield>
  <datafield tag="700" ind1=" " ind2=" ">
    <subfield code="0">(orcid)0000-0003-4850-6177</subfield>
    <subfield code="a">Raúl Postigo, Vidal</subfield>
    <subfield code="1">536338</subfield>
  </datafield>
  <datafield tag="700" ind1=" " ind2=" ">
    <subfield code="0">(orcid)0000-0001-5483-0147</subfield>
    <subfield code="a">Jesus Revuelto, Benedi</subfield>
    <subfield code="1">509111</subfield>
  </datafield>
  <datafield tag="700" ind1=" " ind2=" ">
    <subfield code="0">(orcid)0000-0003-2615-270X</subfield>
    <subfield code="a">Juan Ramón de la Riva, Fernández</subfield>
    <subfield code="1">383790</subfield>
  </datafield>
  <datafield tag="700" ind1=" " ind2=" ">
    <subfield code="0">(orcid)0000-0002-0477-0796</subfield>
    <subfield code="a">Marcos Rodrigues, Mimbrero</subfield>
    <subfield code="1">480323</subfield>
  </datafield>
  <datafield tag="700" ind1=" " ind2=" ">
    <subfield code="0">(orcid)0000-0001-7663-1202</subfield>
    <subfield code="a">Roberto Serrano, Notivoli</subfield>
    <subfield code="1">501899</subfield>
  </datafield>
  <datafield tag="700" ind1=" " ind2=" ">
    <subfield code="0">(orcid)0000-0001-8911-0393</subfield>
    <subfield code="a">Paula Uribe, Agudo</subfield>
    <subfield code="1">446993</subfield>
  </datafield>
  <datafield tag="700" ind1=" " ind2=" ">
    <subfield code="0">(orcid)0000-0002-9541-5609</subfield>
    <subfield code="a">María Zúñiga, Antón</subfield>
    <subfield code="1">471707</subfield>
  </datafield>
  <datafield tag="830" ind1=" " ind2=" ">
    <subfield code="9">352</subfield>
  </datafield>
  <datafield tag="856" ind1="4" ind2=" ">
    <subfield code="s">7601</subfield>
    <subfield code="u">http://zaguan.unizar.es/record/159823/files/guia-60421-es.pdf</subfield>
    <subfield code="y">Guía (idioma español)</subfield>
  </datafield>
  <datafield tag="856" ind1="4" ind2=" ">
    <subfield code="s">7732</subfield>
    <subfield code="u">http://zaguan.unizar.es/record/159823/files/guia-60421-en.pdf</subfield>
    <subfield code="y">Guide (english)</subfield>
  </datafield>
  <datafield tag="521" ind1=" " ind2=" ">
    <subfield code="9">608</subfield>
    <subfield code="a">Máster Universitario en Tecnologías de la Información Geográfica para la Ordenación del Territorio: Sistemas de Información Geográfica y Teledetección</subfield>
    <subfield code="b">Master´s in Geographic Information Science and Technology for Land Management: Geographic Information Systems and Remote Sensing</subfield>
  </datafield>
  <datafield tag="980" ind1=" " ind2=" ">
    <subfield code="a">GDOC</subfield>
    <subfield code="b">Ciencias Sociales y Jurídicas</subfield>
    <subfield code="b">Social Sciences and Law</subfield>
    <subfield code="c">103</subfield>
  </datafield>
</record>
</collection>